Редкоземельные элементы в природных и техногенных водах Дальнего Востока России: диссертация на соискание ученой степени кандидата геолого-минералогических наук; спец. 25.00.09

Xehetasun bibliografikoak
Egile nagusia: Вах Е. А. Елена Александровна
Erakunde egilea: Российская академия наук (РАН) Дальневосточное отделение (ДВО) Дальневосточный геологический институт (ДВГИ)
Beste egile batzuk: Харитонова Н. А. Наталья Александровна (научный руководитель)
Gaia:Защищена 27.03.2012 г.
Hizkuntza:errusiera
Argitaratua: Владивосток, 2012
Gaiak:
Formatua: MixedMaterials Liburua
KOHA link:https://koha.lib.tpu.ru/cgi-bin/koha/opac-detail.pl?biblionumber=212695

MARC

LEADER 00000nbm0a2200000 4500
001 212695
005 20231101225755.0
035 |a (RuTPU)RU\TPU\book\232367 
035 |a RU\TPU\book\232365 
090 |a 212695 
100 |a 20120329j20120327k y0rusy50 ca 
101 0 |a rus 
102 |a RU 
105 |a a m 001zy 
200 1 |a Редкоземельные элементы в природных и техногенных водах Дальнего Востока России  |e диссертация на соискание ученой степени кандидата геолого-минералогических наук  |e спец. 25.00.09  |f Е. А. Вах  |g Российская академия наук (РАН), Дальневосточное отделение (ДВО), Дальневосточный геологический институт (ДВГИ) ; науч. рук. Н. А. Харитонова 
210 |a Владивосток  |d 2012 
215 |a 160 л.  |c ил. 
300 |a Защищена 27.03.2012 г. 
320 |a Библиогр.: с. 140-160 (196 назв.). 
606 1 |a Редкоземельные элементы  |x Содержание в природных и техногенных водах  |2 stltpush  |3 (RuTPU)RU\TPU\subj\71509  |9 85385 
610 1 |a гидрогеохимия 
610 1 |a СССР 
610 1 |a Дальний Восток 
610 1 |a Приморье 
610 1 |a пресные поверхностные воды 
610 1 |a химический состав 
610 1 |a изменчивость 
610 1 |a концентрация 
610 1 |a распределение 
610 1 |a углекислые минеральные воды 
610 1 |a формирование 
610 1 |a гидрокарбонатные минеральные воды 
610 1 |a березитовые месторождения 
610 1 |a гипергенез 
610 1 |a сульфатные водные среды 
610 1 |a бутилированная вода 
610 1 |a диссертации 
675 |a 556.114.6(04)  |v 3 
686 |a 25.00.09  |2 oksvnk 
700 1 |a Вах  |b Е. А.  |g Елена Александровна 
702 1 |a Харитонова  |b Н. А.  |g Наталья Александровна  |4 727 
712 0 2 |a Российская академия наук (РАН)  |b Дальневосточное отделение (ДВО)  |b Дальневосточный геологический институт (ДВГИ)  |c (Владивосток)  |2 stltpush  |3 (RuTPU)RU\TPU\col\307 
801 1 |a RU  |b 63413507  |c 20120329 
801 2 |a RU  |b 63413507  |c 20120410  |g RCR 
942 |c BK